Zufällige F1 Fahrer Bilderquiz Teil 1 - Statistiken

Allgemein
  • Dieses Quiz wurde 33 mal gespielt
  • Das Durchschnittsergebnis liegt bei 6 aus 8
Antwortstatistiken
Bildquiz Antwort % Korrekt
Kubica
94%
Coulthard
91%
Barrichello
82%
Guanyu
73%
Berger
64%
Fittipaldi
58%
Irvine
52%
Villeneuve
39%
Keine übereinstimmenden Quizze gefunden
Verteilung der Resultate
Anzahl Personen mit jedem Resultat
Perzentil nach korrekt beantworteten Fragen
Ihre Resultats-Entwicklung
Sie haben dieses Quiz noch nicht gespielt